Ανακομιδή : μικρά κριτικά
Αποθηκεύτηκε σε:
| Κύριος συγγραφέας: | |
|---|---|
| Μορφή: | Βιβλίο |
| Γλώσσα: | Greek |
| Δημοσίευση: |
Αθήνα :
Εστία,
1991.
|
| Θέματα: | |
| Ετικέτες: |
Προσθήκη ετικέτας
Δεν υπάρχουν, Καταχωρήστε ετικέτα πρώτοι!
|
MARC
| LEADER | 00000cam a2200000 a 4500 | ||
|---|---|---|---|
| 001 | 1/123061 | ||
| 008 | 210527s1991####gr | ||| |||| ||gre|| | ||
| 020 | |a 9600503044 | ||
| 040 | |a GR-MyUa |b gre |c GR-MyUa |e AACR2 | ||
| 041 | 0 | |a gre | |
| 082 | 7 | |a 889.09 |2 (23) | |
| 100 | 1 | |a Δανιήλ, Γιώργος, |d 1938-1991. | |
| 245 | 1 | 0 | |a Ανακομιδή : |b μικρά κριτικά / |c Γιώργου Δανιήλ. |
| 260 | |a Αθήνα : |b Εστία, |c 1991. | ||
| 300 | |a 115 σ. : |b φωτ. ; |c 21 εκ. | ||
| 650 | 0 | |a Folk literature, Greek (Modern) |x History and criticism. | |
| 650 | 0 | |a Greek poetry, Modern |y 20th century |x History and criticism. | |
| 852 | |a INST |b RHODES |e 20210527 |h 889.09 ΔΑΝ |p 005400042131 |q 005400042131 |t BK |y 0 | ||
| 970 | |z 27-05-2021 | ||